New work in historic places of worship (Record no. 113464)

MARC details
000 -LEADER
fixed length control field 01249cad a22002055a 4500
001 - CONTROL NUMBER
control field L155298
008 - FIXED-LENGTH DATA ELEMENTS--GENERAL INFORMATION
fixed length control field 120314s2012 xxk f 000 0 eng d
035 ## - SYSTEM CONTROL NUMBER
System control number (Sirsi) u155298
041 0# - LANGUAGE CODE
Language code of text/sound track or separate title eng
110 2# - MAIN ENTRY--CORPORATE NAME
Corporate name or jurisdiction name as entry element English Heritage
9 (RLIN) 2714
245 00 - TITLE STATEMENT
Title New work in historic places of worship
Medium [electronic resource]
260 ## - PUBLICATION, DISTRIBUTION, ETC.
Place of publication, distribution, etc. [S.l.]
Name of publisher, distributor, etc. EH
Date of publication, distribution, etc. 2012
505 2# - FORMATTED CONTENTS NOTE
Formatted contents note Introduction -- Constructive conservation -- General advice on re-ordering and extension -- Detailed advice on some common issues -- Authorisation of works -- Further information and contacts
520 ## - SUMMARY, ETC.
Summary, etc. This guidance sets out the issues that English Heritage believes need consideration when new work is being proposed for places of worship and indicates their general views on those issues. Not all factors will be relevant in all cases and the guidance needs to be applied proportionately, on a case-by-case basis, according to the significance of the historic interest and the extent and nature of the works proposed.
590 ## - LOCAL NOTE (RLIN)
Local note KA NTK
651 #4 - SUBJECT ADDED ENTRY--GEOGRAPHIC NAME
Geographic name England
Chronological subdivision 886-
690 ## - LOCAL SUBJECT ADDED ENTRY--TOPICAL TERM (OCLC, RLIN)
Topical term or geographic name as entry element Conservation and restoration
856 40 - ELECTRONIC LOCATION AND ACCESS
Uniform Resource Identifier <a href="https://www.helm.org.uk/upload/pdf/New_Work_in_Historic_Places_of_Worship_2012.pdf?1331525618">https://www.helm.org.uk/upload/pdf/New_Work_in_Historic_Places_of_Worship_2012.pdf?1331525618</a>
Public note View the item free of charge at www.helm.org.uk
942 ## - ADDED ENTRY ELEMENTS (KOHA)
Suppress in OPAC 0
Holdings
Withdrawn status Lost status Source of classification or shelving scheme Damaged status Not for loan Home library Current library Shelving location Date acquired Total Checkouts Full call number Barcode Date last seen Copy number Price effective from Koha item type
    Dewey Decimal Classification     Virtual Virtual Online 14/03/2012   ONLINE PUBLICATION 155298-2001 06/08/2019 1 06/08/2019 Book